SpongeBob Character by First Line Quiz Stats

Quiz Updated Oct 22, 2015

Challenge
Share
Tweet
Embed
Score 0/20 Timer 04:00
2 Plays Today
Line Character % Correct
Go SpongeBob!Patrick Star
94.5%
Well lad, it seems like you don’t even have your sea legs.Mr. Krabs
90.6%
Today's the big day, Gary!SpongeBob SquarePants
83.8%
Meow!Gary
75%
Oh no, SpongeBob. What could he possibly want?Squidward Tentacles
68.6%
Hey, Sandy. Hey, SpongeBob.Larry the Lobster
67.8%
Hear me Krabs. When I discover your formula for Krabby Patties, I’ll run you out of business. I went to college! Hey! Let me go!Sheldon Plankton
67.2%
I’m not ready.Mrs. Puff
67.1%
Yes, yes, at last! Someone worthy of being the royal fry cook. Who has freed the spatula from the grease?King Neptune
65.6%
Uhh, are they here to fix the TV?Mermaid Man
64.9%
Line Character % Correct
Come on, SpongeBob, hurry hurry son, your mother has dinner waiting.Mr. SquarePants
63.2%
Take that, you sorry old clam! Y'all need to learn some manners! You're about as ugly as homemade soup.Sandy Cheeks
63.1%
Hey, who are those guys?Barnacle Boy
62.4%
Thanks for the show, Dad. Now can we open the presents?Pearl
58.9%
Seaweed: 50% Sea; 50% Weed.Karen
57.3%
SpongeBob! Hi, honey, we’re here!Mrs. SquarePants
56%
I'm free!Man Ray
49.3%
Yo ho ho, yo ho ho, yo ho ho ho ho ho. Oh! Hi. I'm (character name), president of the SpongeBob SquarePants fan club! Hey, that's better!Patchy the Pirate
46.2%
Sounds like you've got a dying animal to attend to, eh ol' chum? Squilliam Fancyson
45.6%
Still getting burned off that tail pipe, huh, Barnacle Boy?The Dirty Bubble
45.3%

You're not logged in!

Compare scores with friends on all Sporcle quizzes.
Sign Up with Email
OR
Log In

You Might Also Like...

Show Comments

Extras

Top Quizzes Today


Score Distribution

Your Account Isn't Verified!

In order to create a playlist on Sporcle, you need to verify the email address you used during registration. Go to your Sporcle Settings to finish the process.